Trendy rozvoja automatizovanej výrobnej techniky na 7. EMO a budovanie automatizovaných inžinierskych pracovísk Zborník prednášok

Salvato in:
Dettagli Bibliografici
Natura: Libro
Lingua:slovacco
Pubblicazione: Žilina Dom techn. ČSVTS 1988
Edizione:1. vyd.
Tags: Aggiungi Tag
Nessun Tag, puoi essere il primo ad aggiungerne!!

MARC

LEADER 00000nam a2200000 4500
001 c032378
005 20221219092452.0
041 0 |a slo 
044 |a SK 
245 1 0 |a Trendy rozvoja automatizovanej výrobnej techniky na 7. EMO a budovanie automatizovaných inžinierskych pracovísk  |b Zborník prednášok 
250 |a 1. vyd. 
264 1 |a Žilina  |b Dom techn. ČSVTS  |c 1988 
300 |a 278 s.